Normal view
MARC view
- PC SYSTEM ARCHTIECTURE ARCHTIECTURE-PCI SYSTEM COMPUTER-ARCHTIECTURE
Entry Topical Term
001 - CONTROL NUMBER
- control field: 76466
003 - CONTROL NUMBER IDENTIFIER
- control field: NUST
005 - DATE AND TIME OF LATEST TRANSACTION
- control field: 20210628205643.0
008 - FIXED-LENGTH DATA ELEMENTS
- fixed length control field: 210628|| aca||aabn | a|a d
040 ## - CATALOGING SOURCE
- Original cataloging agency: NUST
- Transcribing agency: NUST
150 ## - HEADING--TOPICAL TERM
- Topical term or geographic name entry element: PC SYSTEM ARCHTIECTURE ARCHTIECTURE-PCI SYSTEM COMPUTER-ARCHTIECTURE
670 ## - SOURCE DATA FOUND
- Source citation: Work cat.: (NUST): Shanley, Tom Anderson, Don 76465, Pci system archtiecture, 1995
